000 00816cab a2200217 4500
001 WB3241-54
008 090401t1996 xxu||||| |||| 00| 0 eng d
035 _a(Sirsi) u40027
041 _aeng
245 _aFarm prices remain high
260 _c1996
350 _a0
490 _aRICS Press Release
_vPR132/96 25 October 1996, (3)
520 _a`Agribusinesses` are cited as one of the main driving forces behing continued high farmland prices for 3Q 1996, according to the latest RICS "Farmland price index and survey". Copies available from the Library, price £30.
650 _aPROPERTY-RURAL AND NATURAL ASSETS-AGRICULTURAL PROPERTY-AGRICULTURAL LAND
650 _aFARMLAND PRICES
650 _aRICS FARMLAND PRICE INDEX AND SURVEY
690 _aRURAL PRACTICE
942 _n0
948 _c04/03/1997
999 _c25633
_d25633